TKKG oder Drei??? Folge? 4 - Statistiken

Allgemein
  • Dieses Quiz wurde 29 mal gespielt
  • Das Durchschnittsergebnis liegt bei 14 aus 15
Antwortstatistiken
Frage Antwort % Korrekt
Tödliches Eis Drei???
100%
Gefährliches Quiz Drei???
100%
Schwarze Madonna Drei???
100%
Der große Coup TKKG
100%
Herr der Schlangeninsel TKKG
100%
Schutzgeld für Dämonen TKKG
100%
Hinterhalt am schwarzen Fels TKKG
100%
Im Wettbüro des Teufels TKKG
100%
Mörderischer Stammbaum TKKG
100%
Insel des Vergessens Drei???
86%
Gefahr im Verzug Drei???
86%
Die Spur des Spielers Drei???
86%
Der Geist des Goldgräbers Drei???
86%
Der geheime Schlüssel Drei???
71%
Tanz mit der Giftschlange TKKG
71%
Keine übereinstimmenden Quizze gefunden
Verteilung der Resultate
Anzahl Personen mit jedem Resultat
Perzentil nach korrekt beantworteten Fragen
Ihre Resultats-Entwicklung
Sie haben dieses Quiz noch nicht gespielt